000 00603nam a2200229Ia 4500
003 OSt
005 20221007071317.0
006 a|||||r|||| 00| 0
007 ta
008 221006b |||||||| |||| 00| 0 eng d
024 _a15,034
037 _cTextual
040 _aFLL
_cFLL
_beng
041 _2eng
_aeng
082 _aX:958:Z3, L8
100 _aOgus A.I. Au.
_9688496
245 0 _aLaw of social security
260 _aLondon
_bButterworths & Co. London
_c1978
300 _alxii,714p
_ccm.
942 _hX:958:Z3, L8
_cTEXL
_2CC
999 _c1143021
_d1143021